Food : (Record no. 2074)

MARC details
000 -LEADER
fixed length control field 01231cam a2200373 i 4500
001 - CONTROL NUMBER
control field 2074
003 - CONTROL NUMBER IDENTIFIER
control field FISKH
005 - DATE AND TIME OF LATEST TRANSACTION
control field 20231103135431.0
008 - FIXED-LENGTH DATA ELEMENTS--GENERAL INFORMATION
fixed length control field 100706s2010 nyua j 000 0 eng
010 ## - LIBRARY OF CONGRESS CONTROL NUMBER
LC control number 2010280732
020 ## - INTERNATIONAL STANDARD BOOK NUMBER
International Standard Book Number 9780312508364 (hardback)
020 ## - INTERNATIONAL STANDARD BOOK NUMBER
International Standard Book Number 0312508360 (hardback)
040 ## - CATALOGING SOURCE
Original cataloging agency DLC
Language of cataloging eng
Transcribing agency DLC
Modifying agency DLC
Description conventions rda
Modifying agency DLC
042 ## - AUTHENTICATION CODE
Authentication code pcc
050 00 - LIBRARY OF CONGRESS CALL NUMBER
Classification number TX355
Item number .F543 2010
082 00 - DEWEY DECIMAL CLASSIFICATION NUMBER
Classification number 641.3
Edition number 23
100 ## - MAIN ENTRY--PERSONAL NAME
Personal name Priddy, Roger
245 00 - TITLE STATEMENT
Title Food :
Remainder of title a lift-the-flap shadow book /
264 #1 - PRODUCTION, PUBLICATION, DISTRIBUTION, MANUFACTURE, AND COPYRIGHT NOTICE
Place of production, publication, distribution, manufacture New York :
Name of producer, publisher, distributor, manufacturer Priddy Books,
Date of production, publication, distribution, manufacture, or copyright notice 2010.
300 ## - PHYSICAL DESCRIPTION
Extent 14 unnumbered pages :
Other physical details illustrations ;
Dimensions 14 cm
505 ## - FORMATTED CONTENTS NOTE
Formatted contents note A<br/>
520 2# - SUMMARY, ETC.
Summary, etc. Invites young readers to lift flaps depicting the outlines of broccoli, an apple, and other foods to reveal a color photograph of the item. On board pages.
521 8# - TARGET AUDIENCE NOTE
Target audience note 10<br/>
Source Lexile<br/>
521 8# - TARGET AUDIENCE NOTE
Target audience note A<br/>
Source Raz-Plus<br/>
650 #0 - SUBJECT ADDED ENTRY--TOPICAL TERM
Topical term or geographic name entry element Food
Form subdivision Pictorial works
-- Juvenile literature.
650 #0 - SUBJECT ADDED ENTRY--TOPICAL TERM
Topical term or geographic name entry element Lift-the-flap books
Form subdivision Specimens.
650 #0 - SUBJECT ADDED ENTRY--TOPICAL TERM
Topical term or geographic name entry element Board books
Form subdivision Specimens.
650 #1 - SUBJECT ADDED ENTRY--TOPICAL TERM
Topical term or geographic name entry element Food
Form subdivision Pictorial works.
650 #1 - SUBJECT ADDED ENTRY--TOPICAL TERM
Topical term or geographic name entry element Lift-the-flap books.
650 #1 - SUBJECT ADDED ENTRY--TOPICAL TERM
Topical term or geographic name entry element Toy and movable books.
710 2# - ADDED ENTRY--CORPORATE NAME
Corporate name or jurisdiction name as entry element Priddy Books.
906 ## - LOCAL DATA ELEMENT F, LDF (RLIN)
a 7
b cbc
c origres
d 3
e ncip
f 20
g y-gencatlg
942 ## - ADDED ENTRY ELEMENTS (KOHA)
Source of classification or shelving scheme Dewey Decimal Classification
Koha item type Books
Suppress in OPAC No
Holdings
Withdrawn status Lost status Source of classification or shelving scheme Damaged status Not for loan Collection Home library Current library Shelving location Date acquired Total Checkouts Full call number Barcode Date last seen Date last checked out Price effective from Koha item type
    Dewey Decimal Classification     Non-Fiction Footprints International School Library Network Toul Kork Campus Footprints International School Library Network Toul Kork Campus TK Primary Library Room(4th Floor), Bookcase 7, Shelves 57-60, Dark Green Books 11/03/2023 1 PRI 641.3 PZ7 FISTK02852 06/19/2025 05/21/2025 11/03/2023 Books